Statistiques concernant Pays les plus proches de Bosnie-Herzégovine

Cliquez ici pour prendre le quiz!

Statistiques générales

  • Ce quiz a été pris 316 fois
  • Le résultat moyen est 18 sur 20

Statistiques - réponses

kmpays% Correct
0Croatie
99%
153Italie
98%
0Monténégro
98%
0Serbie
97%
45Slovénie
97%
94Albanie
96%
162Autriche
96%
221Bulgarie
95%
282Grèce
95%
96Kosovo
94%
129Roumanie
94%
68Hongrie
93%
196Macédoine
93%
282Slovaquie
93%
438Suisse
89%
372Tchèquie
89%
331Allemagne
85%
271Saint-Marin
76%
400Vatican
74%
436Ukraine
73%

Distribution des résultats

Percentile par nombre de réponses

% des personnes avec chaque résultat

Votre développement - résultats

Vous n’avez pas pris ce quiz